000
00260nam a22001217a 4500
020
_a
0-7214-1918-6
082
_a
823
_b
STI/T
100
_a
STIMSON, PETER
245
_a
TELEPHONE TED
260
_a
UK
_b
LADY BIRD
650
_a
ENGLISH SHORT STORY
_z
UK
942
_c
BK
999
_c
2402
_d
2402